| 000 | 00382nam a2200133Ia 4500 | ||
|---|---|---|---|
| 001 | 499 | ||
| 008 | 241024s9999 xx 000 0 und d | ||
| 082 | _aRD/352.43/R426i/2006 | ||
| 100 | _aRepública Dominicana.Cámara de Cuentas de la República Dominicana | ||
| 245 | 0 | _aInforme de Gestión 2006 | |
| 260 |
_bSanto Domingo _c2006 |
||
| 901 | _a12/11/2010 9:59:26 a.m. | ||
| 999 |
_c9470 _d9470 |
||